| 000 | 00637nam a2200193Ia 4500 | ||
|---|---|---|---|
| 999 |
_c21311 _d21311 |
||
| 082 | _aTS.1056 | ||
| 100 | _aSaini, Omprakash | ||
| 245 | 0 | _aStudy of nuclear and joint family student's feeling of dedication, adjustment and moral values | |
| 260 |
_c2010 _bInstitute of Advanced Study in Education University, Sardarsahar |
||
| 300 | _a211 | ||
| 504 | _aincludes appendices and bibliography | ||
| 650 | _aStudent adjustment | ||
| 650 |
_aStudents _vAttitudes |
||
| 650 |
_aStudents _vConduct of life |
||
| 650 |
_aStudents _vPsychology |
||
| 650 |
_aStudents _vSocial life and customs |
||
| 710 | _aSingh, Harpal | ||
| 942 |
_cTH _2ddc |
||